000 003540000a22001570004500
001 000278
003 MACL
040 _aMACL
090 _c278
_d278
100 _aRere, Stephen
245 _aIntroduction to Animal Science
_cStephen Rere
260 _aVikas Publishing House,
_c1998
350 _a250
650 _aAnimal Husbandary
942 _k636
_cBook
999 _c49585
_d49585